<?xml version="1.0" encoding="UTF-8"?>
<record
    xmlns:xsi="http://www.w3.org/2001/XMLSchema-instance"
    xsi:schemaLocation="http://www.loc.gov/MARC21/slim http://www.loc.gov/standards/marcxml/schema/MARC21slim.xsd"
    xmlns="http://www.loc.gov/MARC21/slim">

  <leader>00862nam a2200217 i 4500</leader>
  <controlfield tag="001">38015</controlfield>
  <controlfield tag="003">ES-MaACL</controlfield>
  <controlfield tag="005">20260203063030.0</controlfield>
  <controlfield tag="007">t|</controlfield>
  <controlfield tag="008">030224s1921    sp a         |||| | spa d</controlfield>
  <datafield tag="100" ind1="1" ind2=" ">
    <subfield code="a">Cabr&#xE9; Aguil&#xF3;, Juan, </subfield>
    <subfield code="d">1882-1947</subfield>
    <subfield code="9">33266</subfield>
  </datafield>
  <datafield tag="245" ind1="1" ind2="0">
    <subfield code="a">Reivindicaciones en arte rupestre de la pen&#xED;nsula ib&#xE9;rica / </subfield>
    <subfield code="c">Juan Cabr&#xE9; Aguil&#xF3;.</subfield>
  </datafield>
  <datafield tag="260" ind1=" " ind2=" ">
    <subfield code="a">Madrid : </subfield>
    <subfield code="b">[s.n., </subfield>
    <subfield code="c">1921] (</subfield>
    <subfield code="f">Gr&#xE1;f. Reunidas)</subfield>
  </datafield>
  <datafield tag="300" ind1=" " ind2=" ">
    <subfield code="a">14 p. : </subfield>
    <subfield code="b">il. ; </subfield>
    <subfield code="c">30 cm.</subfield>
  </datafield>
  <datafield tag="594" ind1=" " ind2=" ">
    <subfield code="a">Ponencia del d&#xED;a 30 de junio de 1921, en el Congreso de la Asociaci&#xF3;n Espa&#xF1;ola para el Progreso de las Ciencias, celebrado en Oporto.</subfield>
  </datafield>
  <datafield tag="650" ind1=" " ind2="4">
    <subfield code="a">Pintura rupestre-</subfield>
    <subfield code="z">Espa&#xF1;a.</subfield>
    <subfield code="9">16082</subfield>
  </datafield>
  <datafield tag="650" ind1=" " ind2="4">
    <subfield code="a">Arte prehist&#xF3;rico-</subfield>
    <subfield code="z">Espa&#xF1;a.</subfield>
    <subfield code="9">151265</subfield>
  </datafield>
  <datafield tag="710" ind1="2" ind2=" ">
    <subfield code="a">Asociaci&#xF3;n Espa&#xF1;ola para el Progreso de las Ciencias.</subfield>
    <subfield code="9">1705</subfield>
  </datafield>
  <datafield tag="852" ind1=" " ind2=" ">
    <subfield code="a">ES-MaACL</subfield>
    <subfield code="j">1654-F-7</subfield>
  </datafield>
  <datafield tag="999" ind1=" " ind2=" ">
    <subfield code="c">38015</subfield>
    <subfield code="d">38015</subfield>
  </datafield>
  <datafield tag="952" ind1=" " ind2=" ">
    <subfield code="0">0</subfield>
    <subfield code="1">0</subfield>
    <subfield code="4">0</subfield>
    <subfield code="7">0</subfield>
    <subfield code="8">Colecci&#xF3;n_de_folletos</subfield>
    <subfield code="a">ATENEOM</subfield>
    <subfield code="b">ATENEOM</subfield>
    <subfield code="c">DEPOF</subfield>
    <subfield code="d">2008-01-17</subfield>
    <subfield code="e">SC</subfield>
    <subfield code="l">0</subfield>
    <subfield code="o">1654-F-7</subfield>
    <subfield code="p">1040025</subfield>
    <subfield code="r">2023-02-23 00:00:00</subfield>
    <subfield code="w">2023-02-23</subfield>
    <subfield code="y">FOLLETOS</subfield>
  </datafield>
</record>
